000 00287nam a2200109 4500
008 230925b |||||||| |||| 00| 0 eng d
022 _a0973-1296
245 _aPharmacognosy Magazine
260 _aNew Delhi
_bSage
_c2023
300 _avol.19,no.3
_billus.
_c28cm
942 _2ddc
_cSR
_mPHA
_s1
999 _c198528
_d198528